| 000 | 01954cam a22004334i 4500 | ||
|---|---|---|---|
| 003 | PE-LiUPU | ||
| 005 | 20250731175637.0 | ||
| 008 | 150706s r 000 0 d | ||
| 020 | _a9781405882729 | ||
| 035 | _a(Sirsi) i9781405882729 | ||
| 040 |
_aPE-LiUPU _bspa _cPE-LiUPU _erda |
||
| 049 | _aPRUA | ||
| 082 | 0 | 4 |
_a428.6461 _bPR 6s _221 |
| 100 | 1 |
_aKeneally, Thomas , _eautor. |
|
| 245 | 1 | 0 |
_aSchindler's list / _cThomas Keneally contada por Nancy Taylor. |
| 264 | 1 |
_aHarlow (Inglaterra) : _bPearson Education, _c2008. |
|
| 300 |
_a109 páginas : _bilustraciones ; _c20 centímetros |
||
| 300 | _a4 CD-ROM (DEL 1 al 04) | ||
| 336 |
_atext _2rdacontent |
||
| 337 |
_aunmediated _2rdamedia |
||
| 338 |
_avolume _2rdacarrier |
||
| 490 | 0 |
_aPenguin readers ; _v6 |
|
| 505 | 0 | _aIntroduction -- A happy child with a bright future -- War brings troubles and opportunities -- Adjusting to a world at war -- Mercy is forgotten -- Krakow's jews are not alone -- Amon goeth closes krakow's ghetto -- Schindler's double life -- Saint oskar? -- Schindler's list -- The long road to safety -- To hell and back -- Life in the kingdom of oskar Schindler -- The gates are opened -- The final years -- Activities. | |
| 526 | _aP145 | ||
| 526 | _aP127 | ||
| 526 | _aP97 | ||
| 526 | _aP35 | ||
| 526 | _aP14 | ||
| 526 | _aP07 | ||
| 541 | _g0016-0016272; | ||
| 650 | 0 | 4 |
_aInglés _vLibros de Lecturas. |
| 700 | 1 | _aTaylor, Nancy. | |
| 910 |
_agl _bjck _d20101012 |
||
| 942 |
_2ddc _cBOOK |
||
| 949 |
_a428.6461 PR 6S _wDEWEY _c1 _i62172 _lCCODEBUL1 _mBUL _p7.00 _r0 _sY _tBOOK _u2015-7-6 _xEDUCACION _PP20 _0COMPRA _o.STAFF. Colección General |
||
| 994 |
_aC0 _bPEPRU |
||
| 596 | _a1 | ||
| 999 |
_a428.6461 PR 6S _wDEWEY _c51246 _i62172 _d51246 _f2021-11-8 _g5 _lCCODEBUL1 _mBUL _p7.00 _q1 _r0 _sN _tBOOK _u2015-7-6 _xEDUCACION _PP20 _0COMPRA _o.STAFF. Colección General |
||
| 980 |
_81 _gALBERTO SANCHEZ Responsable de Automatización |
||